000 00500pab a2200181 454500
008 180718b2013 xxu||||| |||| 00| 0 eng d
100 _aJian, Parul
245 _aFiscal slippage and fiscal consolidation in the case of union government in India since 1991
260 _c2013
300 _ap.465-490.
362 _aApr
650 _aFiscal policy - India
650 _aFiscal policy
700 _aJain, Anil Kumar
773 _aIndian Journal of Economics
908 _aN
909 _a103207
999 _c103203
_d103203